000 00619nam a2200241Ia 4500
003 OSt
005 20221005132852.0
006 a|||||r|||| 00| 0
007 ta
008 221004b |||||||| |||| 00| 0 hin d
024 _a53685
037 _cTextual
040 _aCRL
_cCRL
_bhin
041 _2hin
_ahin
082 _aO152,3M80,8, 32K3
100 _aPotti Divakaran Au.
_9641772
245 0 _aVanchana
260 _c1963
650 _a HINDI LITERATURE
_923866
650 _aHINDI FICTION
942 _hO152,3M80,8, 32K3
_cTEXL
_2cc
999 _c1065065
_d1065065